Name all Charlie Puth songs from CHARLIE - Statistics

General Stats
  • This quiz has been taken 36 times
  • The average score is 9 of 12
Answer Stats
Answer % Correct
Left and Right
91%
Light Switch
91%
Charlie Be Quiet!
78%
Loser
78%
I Don't Think That I Like Her
74%
Tears On My Piano
74%
No More Drama
65%
Smells Like Me
65%
When You're Sad I'm Sad
65%
Marks On My Neck
61%
That's Hilarious
61%
There's A First Time For Everything
61%
No matching quizzes found
Score Distribution
Percent of People with Each Score
Percentile by Number Answered
Your Score History
You have not taken this quiz